000 00239 a2200097 4500
001 54756
100 _aUmaira ahmad
245 _aHum kahan kai sachay thay
260 _aLahore
_bElm o irfanPublisher
_c2005
090 _c33964
_d33964
942 _aNUST-CAE
_cMONOGRAPH
_c26629
999 _c289829
_d289829